| 000 | 00361nam a2200133Ia 4500 | ||
|---|---|---|---|
| 008 | 240624s9999 xx 000 0 und d | ||
| 041 | _aeng | ||
| 082 | _a658.4092 LUS | ||
| 100 | _aLUSSIER ROBERT N | ||
| 245 | _aEFFECTIVE LEADERSHIP | ||
| 250 | _a(3rd ed.) | ||
| 260 |
_c2008 _aAustralia _bSouth-Western Cengage Learning |
||
| 300 | _axxiv, : 472 : p. : cm. ; 25 | ||
| 999 |
_c13099 _d13099 |
||